Classifica Marcatori UEFA Champions League 2023-2024 - Statistics

Statistiche generali
  • Questo quiz è stato fatto 20 volte
  • Il punteggio medio è 10 su 12
Statistiche sulle risposte
Gol Nazione Squadra Calciatore % Corretto
6 Norvegia Manchester City Erling Haaland
100%
8 Francia Paris Saint-Germain Kylian Mbappé
100%
6 Brasile Real Madrid Vinícius Júnior
100%
6 Francia Atlético Madrid Antoine Griezmann
95%
8 Inghilterra Bayern Monaco Harry Kane
95%
5 Argentina Manchester City Julián Álvarez
95%
5 Inghilterra Manchester City Phil Foden
84%
5 Danimarca Manchester Utd Rasmus Højlund
79%
5 Brasile Real Madrid Rodrygo
68%
5 Spagna Atlético Madrid Álvaro Morata
63%
5 Spagna Real Madrid Joselu
63%
5 Brasile Porto Galeno
42%
Nessun quiz corrispondente trovato
Distribuzione punteggi
Percentuale di utenti per punteggio
Percentile per numero di risposta
I tuoi punteggi nel tempo
Non hai fatto questo quiz